00557cam a22001337a 4500008004000000082001200040245008700052260003500139300001100174700005300185999001900238952008300257952008300340180718b1958 xxu||||| |||| 00| 0 eng d aL2 Un3t aInternational tax agreementscby Department of Economic and Social Affairs, U.S.A. aNew YorkbUnited Nationsc1958 a384+p. aU.S.A. Department of Economic and Social Affairs c429865d429865 00104070aIIPAbIIPAd2010-01-05oL2 Un3tp23693r2018-07-21w2018-07-21yBK 00104070aIIPAbIIPAd2010-01-05oL2 Un3tp16117r2018-07-21w2018-07-21yBK